00457nam a22001217a 450000500170000000800410001702000220005810000220008024500370010226000290013930000150016865001520018320251125110528.0251125b |||||||| |||| 00| 0 eng d a978-81-8038-877-4 aWIDDICOMBE, KAREN aTHW ALL ENGLAND LAW REPORTS 2009 aLONDONbLEXISNEXISc2009 aXX, 1144P. a1. LAW REPORTS, DIGESTS, ETC - ENGLAND AND WALES 2. LAW - ENGLAND AND WALES - CASES 3. COURTS - ENGLAND AND WALES 4. COMMON LAW - ENGLAND AND WALES